| 000 | 00496nam a2200205Ia 4500 | ||
|---|---|---|---|
| 003 | OSt | ||
| 005 | 20250923150150.0 | ||
| 008 | 210210b2009 xxu||||| |||| 00| 0 eng d | ||
| 040 | _cAL | ||
| 041 | _aeng | ||
| 082 | _a575 BOYH | ||
| 100 |
_aRobert Boyd _9240230 |
||
| 245 | _aHow humans evolved Ed 5 | ||
| 260 |
_aLos Angeles _bUniversity of California _c2009 |
||
| 300 | _axxv,514p | ||
| 690 |
_aEvolution _9240231 |
||
| 700 |
_aSilk Joan B _9240232 |
||
| 906 | _a066222 | ||
| 942 |
_2ddc _cBK |
||
| 999 |
_c146732 _d146732 |
||